000 00750nam a22001817a 4500
003 UA-OsUOA
001 17264
007 ta
008 20040219b un ||||| |||| 00| 0 ukr d
100 _aКовальчук В.
942 _cSA
040 _aUA-OsUOA
_cUA-OsUOA
_dUA-OsUOA
245 _a"Віват!" - гука простий народ спортсменам ВАТ "Скляний завод": [На п-ві "Рокитнівський скляний завод" активно пропагується здоровий спосіб життя, заняття спортом]
300 _aС.3
955 _a0
773 0 _w0
_tРокитнівщина
_dРокитне
_d2004
_g№6/21 січ./
650 7 _aКраєзнавча робота
_2UDC
999 _c303432
_d303432